Normal view
MARC view
Entry Topical Term
001 - CONTROL NUMBER
- control field: 755078
003 - CONTROL NUMBER IDENTIFIER
- control field: OSt
005 - DATE AND TIME OF LATEST TRANSACTION
- control field: 20250507130304.0
008 - FIXED-LENGTH DATA ELEMENTS
- fixed length control field: 250507|| aca||aabn | a|a d
040 ## - CATALOGING SOURCE
- Original cataloging agency: OSt
- Transcribing agency: OSt
150 ## - HEADING--TOPICAL TERM
- Topical term or geographic name entry element: Asian Studies; World Opinion
670 ## - SOURCE DATA FOUND
- Source citation: Work cat.: (OSt)1318789: Pang Yang Huei 673868, Helpful Allies, Interfering neighvours: World opinion and China in the 1950, 2015
